000 02730nam a2200373 a 4500
001 000009332
005 20241030141145.0
008 090929s2006 dr 000 0 spa d
020 _a9945422057
040 _aDO-SdBNP
_bspa
_cBNPHU
082 _a580.97293
_bD841n
100 1 _aDucoudray, Félix Servio,
_d1924-1989
_924071
245 1 3 _aLa naturaleza dominicana :
_bartículos publicados en el suplente sabatino del periódico El Caribe(1978-1978) /
_cFélix Servio Ducoudray ; editores Arístides Incháustegui, Blanca Delgado Malagón ; presentación José A. León ; introducción María Ugarte.
260 _aSanto Domingo :
_bGrupo León Jimenes,
_c2006.
300 _a6 v. :
_bil. ;
_c28 cm.
490 1 _aCentenario Grupo León Jimenes
500 _aIncluye índices: Onomástico -- Topográfico -- Nombres científicos botánicos -- Nombres comunes botánicos -- Nombres científicos zoológicos -- Nombres comunes zoológicos -- Términos geológicos.
504 _aIncluye referencias bibliográficas (p. 341-346)
505 0 _av.1 Región Norte -- v.2 Región Sur -- v.3 Región Este -- v.4 Flora, fauna -- v.5 -- Dunas, formaciones geológicas, orografía, volcanes -- v.6 Ámbar, varios, anexos.-- ANEXOS 1. Félix Servio Ducoudray : luchador nacionalista y cronista de la naturaleza -- 2. Protagonistas de las excursiones de ciencia (1978-1989), Eugrenio de Jesús Marcano Fondeur, Julio Cicero McKinne, Abraham José Abud Antún, José Alberto Ottenwalder, Sixto Joaquín Incháustegui Miranda, Idelisa Bonnelly de Calventi, Iván Tavares Castellanos, Luis Florencio de Armas Chaviano -- 3. Breve reseña de la primera exposición aracnológica cubano-dominicana en la República Dominicana, por Luis Florencio de Armas Chaviano -- 4. La realidad dominicana vista por Félix Servio Ducoudray.
590 _aInventariado, 2108 /DG
650 4 _aFlora de tierras humedas
_zRepública Dominicana
_xArtículos de diarios
_924072
650 4 _aEcología montañosa
_zRepública Dominicana
_xArtículos de diarios
_924073
650 4 _aFlora de agua dulce
_zRepública Dominicana
_xArtículos de diarios
_924074
650 4 _aFauna alpina
_zRepública Dominicana
_xArtículos de diarios
_924075
650 4 _aFauna de agua dulce
_zRepública Dominicana
_xArtículos de diarios
_924076
650 4 _aFauna tropical
_zRepública Dominicana
_xArtículos de diarios
_924077
700 1 2 _aIncháustegui Cabral, Héctor,
_d1912-1979
_921024
700 1 2 _aDelgado Malagón, Blanca
_922928
700 1 2 _aUgarte, María
_d1914-2011
_924078
700 1 2 _aLeón, José A.
_919117
740 3 _aEl Caribe (República Dominicana)
830 0 _aCentenario Grupo León Jimenes
_918855
910 _aValidado. Control de calidad BNPHU
999 _c9092
_d9092